Migraciones: un juego con cartas marcadas /
Zapisane w:
| 1. autor: | |
|---|---|
| Kolejni autorzy: | , , , , , , , , , , , , |
| Format: | Texto |
| Wydane: |
Quito:
Abya-Yala
|
| Hasła przedmiotowe: | |
| Etykiety: |
Dodaj etykietę
Nie ma etykietki, Dołącz pierwszą etykiete!
|
MARC
| LEADER | 00000 a a2200000 04500 | ||
|---|---|---|---|
| 001 | 34631 | ||
| 003 | |||
| 040 | |||
| 020 | |a 9978-22-442-4 | ||
| 022 | |a 9978-22-442-4 | ||
| 090 | |a 1001 H632m | ||
| 100 | |a Hidalgo, Francisco | ||
| 245 | |a Migraciones: un juego con cartas marcadas / |c Francisco Hidalgo | ||
| 260 | |a Quito: |b Abya-Yala | ||
| 300 | |a 430 p. | ||
| 300 | |b map. | ||
| 650 | |a MIGRACION | ||
| 650 | |a HISTORIA | ||
| 650 | |a TEORIA SOCIAL | ||
| 650 | |a ANALISIS REGIONAL | ||
| 650 | |a EMIGRACION | ||
| 650 | |a DESARROLLO SOCIAL | ||
| 650 | |a POLITICA MIGRATORIA | ||
| 650 | |a DERECHO DE MIGRACION | ||
| 650 | |a INMIGRACION ILEGAL | ||
| 650 | |a AMERICA LATINA | ||
| 650 | |a EUROPA | ||
| 700 | |a | ||
| 700 | |a Atienza A., Jaime | ||
| 700 | |a Alonso Antonio, José | ||
| 700 | |a Sandoval, Juan Manuel | ||
| 700 | |a Giol, Joaquim | ||
| 700 | |a Gómez, Emilio José | ||
| 700 | |a Cruz, Hugo Angeles | ||
| 700 | |a Herrera, Gioconda | ||
| 700 | |a La Parra, Daniel | ||
| 700 | |a Acosta, Alberto | ||
| 700 | |a López, Susana | ||
| 700 | |a Villamar, David | ||
| 700 | |a Camacho, Gloria | ||
| 700 | |a Falquez | ||
| 999 | |c 13704 |d 13704 | ||



